000 00474nam a22001817a 4500
005 20251108174744.0
008 250721s2003 xx 000 0 eng d
020 _a749857927
082 1 4 _aJ/372.21/FIN
100 1 _ao'toole, jeannette
_eIllus.
245 1 0 _aFind Me Stars /
264 1 _alondon :
_begmont books,
_c2003.
650 1 7 _aLEARNING
650 1 7 _aCHILDREN
653 _a(0-5) اطفال ما قبل المدرسة
942 _2ddc
_cBK
999 _c117187
_d117187